Control engineering : (Record no. 183861)

000 -LEADER
fixed length control field 01079 a2200229 4500
003 - CONTROL NUMBER IDENTIFIER
control field Nust
005 - DATE AND TIME OF LATEST TRANSACTION
control field 20230102120236.0
010 ## - LIBRARY OF CONGRESS CONTROL NUMBER
LC control number 94067281
020 ## - INTERNATIONAL STANDARD BOOK NUMBER
International Standard Book Number 0030134897
040 ## - CATALOGING SOURCE
Transcribing agency Nust
082 00 - DEWEY DECIMAL CLASSIFICATION NUMBER
Classification number 629.820,BEL
100 1# - MAIN ENTRY--PERSONAL NAME
Personal name Belanger, Pierre.
9 (RLIN) 106601
245 10 - TITLE STATEMENT
Title Control engineering :
Remainder of title a modern approach /
Statement of responsibility, etc. Pierre Belanger.
260 ## - PUBLICATION, DISTRIBUTION, ETC.
Place of publication, distribution, etc. Fort Worth :
Name of publisher, distributor, etc. Saunders College Pub.,
Date of publication, distribution, etc. c1995.
300 ## - PHYSICAL DESCRIPTION
Extent xv, 471 p. :
Other physical details ill. ;
Dimensions 25 cm.
505 ## - FORMATTED CONTENTS NOTE
Formatted contents note Introduction (Page-1), Simulation and Modeling (Page-6), Linear Systems Theory (Page-47), Specifications, Structures, Limitations (Page-118), Feedback Systems Stability in Terms of the Loop Gain (Page-174), Classical Design (Page-231), State Feedback (Page-291), Multivariable Control (Page-379), Sampled-Data Implementation (Page-428).
650 #0 - SUBJECT ADDED ENTRY--TOPICAL TERM
Topical term or geographic name entry element Automatic control.
650 #0 - SUBJECT ADDED ENTRY--TOPICAL TERM
Topical term or geographic name entry element Control theory.
856 42 - ELECTRONIC LOCATION AND ACCESS
Materials specified Publisher description
Uniform Resource Identifier <a href="http://www.loc.gov/catdir/enhancements/fy0640/94067281-d.html">http://www.loc.gov/catdir/enhancements/fy0640/94067281-d.html</a>
856 42 - ELECTRONIC LOCATION AND ACCESS
Materials specified Table of contents only
Uniform Resource Identifier <a href="http://www.loc.gov/catdir/enhancements/fy0640/94067281-t.html">http://www.loc.gov/catdir/enhancements/fy0640/94067281-t.html</a>
942 ## - ADDED ENTRY ELEMENTS (KOHA)
Source of classification or shelving scheme
Koha item type Book
Holdings
Withdrawn status Lost status Source of classification or shelving scheme Damaged status Not for loan Permanent Location Current Location Shelving location Date acquired Full call number Barcode Date last seen Price effective from Koha item type Public note
          Military College of Signals (MCS) Military College of Signals (MCS) General Stacks 12/12/2016 629.820,BEL MCS31083 12/08/2016 12/12/2016 Book Almirah No.41, Shelf No.5
© 2023 Central Library, National University of Sciences and Technology. All Rights Reserved.